Montherlant: la reine morte /
Guardado en:
| Autor Principal: | |
|---|---|
| Formato: | Libro |
| Publicado: |
Paris :
Hatier,
1970
|
| Materias: | |
| Etiquetas: |
Agregar Etiqueta
Sin Etiquetas, Sea el primero en etiquetar este registro!
|
| LEADER | 00671nam a22002055a 4500 | ||
|---|---|---|---|
| 001 | EHU.bham045340 | ||
| 003 | AR-BHAM | ||
| 005 | 20180817105545.0 | ||
| 008 | 130507s1970##################000#0#####d | ||
| 082 | 8 | 4 | |a 842.907 |
| 100 | 1 | |a Blanc, André | |
| 245 | 1 | 0 | |a Montherlant: la reine morte / |c Analyse Critique Par André Blanc |
| 260 | |a Paris : |b Hatier, |c 1970 | ||
| 300 | |a 79 p. | ||
| 505 | 0 | |a No contiene el texto de la obra. | |
| 600 | 1 | 4 | |a Montherlant, Henry de |
| 653 | |a Literatura francesa -estudios sobre-1920-1970 | ||
| 653 | |a Teatro francés-estudios sobre-1920-1970 | ||
| 653 | |a Colección llull | ||
| 859 | |a AR-BHAM |b BIB. HUMANIDADES - General |h 842.907 |i B591 |p 434.09 |t Ej.1 | ||
